| 000 | 005390000a22001930004500 | ||
|---|---|---|---|
| 003 | LK-CoMWRAF | ||
| 005 | 20240319162418.0 | ||
| 008 | 230817t2005 ||||| |||| 00| 0 eng d | ||
| 020 | _a9551194039 | ||
| 040 |
_aLK-CoMWRAF _dLK-CoMWRAF _eLK-CoMWRAF |
||
| 041 | _aeng | ||
| 082 |
_a823.081 _bSEN |
||
| 100 | _aSeneviratne, Maureen | ||
| 245 |
_aTimeless tales from long ago : _bstories retold from the Mahawamsa & Chulawamsa |
||
| 260 |
_aColombo: _b[Author], _c2005 |
||
| 300 | _av.,145 p. | ||
| 650 | _aHISTORICAL FICTION | ||
| 942 | _cBK | ||
| 999 |
_c2361 _d2361 |
||